000 01294nam0a22002531 4500
001 rc\51427
005 20021216125246.5
010 _a5-211-03769-3
_9500
035 _a(NLR Aleph) 005330022
090 _a6581286
_c6581286
100 _a20021216d1996 u |0rusy50 ca
101 0 _arus
102 _aRU
105 _ay |||||||||
200 1 _aОб общих принципах организации местного самоуправления в Российской Федерации
_eПроблемы реализации Федер. закона
_eМатериалы науч.-практ. конф., 25 апр., 1996 г.
_fОтв. ред. С.А. Авакьян
210 _aМ.
_cИзд-во Моск. ун-та
_d1996
215 _a134 с.
_d22
702 1 _aАвакьян
_bС. А.
_gСурен Адибекович
_4340
712 1 2 _aНаучно-практическая конф. на тему "Проблемы реализации Федерального закона "Об общих принципах организации местного самоуправления в Российской Федерации"
_f1996
_eМосква
_3RU\NLR\AUTH\889972982
801 0 _aRU
_bNLR
_gpsbo
801 1 _aRU
_bELAR
_2rusmarc
852 _aNLR
_j96-5/4187
942 _cBOOK
980 _aNB